| 000 | 00705nam a22002177a 4500 | ||
|---|---|---|---|
| 999 |
_c19022 _d19022 |
||
| 003 | AR-CdUCM | ||
| 008 | 190516b ||||| |||| 00| 0 spa d | ||
| 040 |
_aMUNICIPALIDAD PROVINCIAL DEL CUSCO _cBIBLIOTECA MUNICIPAL DEL CUSCO |
||
| 082 |
_23ed. _a345.985 / _bU78 |
||
| 100 |
_aUrquizo Pérez, Jorge _940066 |
||
| 245 | _aManual de procedimientos penales / | ||
| 260 | _bStudiun, | ||
| 300 |
_a300 páginas ; _c21 cm. |
||
| 500 | _a3era edicion del tomo II | ||
| 505 | _aContenido: t.1. Practica forense penal -- t.2. practica forense penal. | ||
| 650 |
_aDerecho procesal civil _927080 |
||
| 650 |
_aJurisprudencia _9927 |
||
| 650 |
_aPerú _935 |
||
| 942 |
_2ddc _cLIBROS |
||
| 945 |
_aacv _d2019-05-16 |
||